| 000 | 01030nam a2200301Ia 4500 | ||
|---|---|---|---|
| 003 | OSt | ||
| 005 | 20221006160026.0 | ||
| 006 | a|||||r|||| 00| 0 | ||
| 007 | ta | ||
| 008 | 221006b |||||||| |||| 00| 0 eng d | ||
| 020 |
_a9780674025028 _c _41.04 |
||
| 024 | _a44,093 | ||
| 037 |
_bGift, Korean Embassy (Window on Korea) _cTextual |
||
| 040 |
_aEASL _cEASL _beng |
||
| 041 |
_2eng _aeng |
||
| 082 | _aV495:594:(T:5), P7 | ||
| 100 |
_aEugene Y.Park _9671524 |
||
| 245 | 0 |
_aBetween Dreams and Reality _b The Military Examination in Late Choson Korea, 1600-1894 |
|
| 260 |
_aCambridge _bHarvard University Asia Center _c2007 |
||
| 300 |
_a275p. _ccm. |
||
| 490 | _v KEL | ||
| 650 |
_a Korea-Armed forces- Examinations- History _9671525 |
||
| 650 |
_a Military education- Korea-History _9671526 |
||
| 650 |
_a Sociology Military- Korea- History _9671527 |
||
| 650 | _aKEL | ||
| 942 |
_hV495:594:(T:5), P7 _cTEXL _2CC |
||
| 999 |
_c1112185 _d1112185 |
||